¿ Y con qué derecho? . Costa Rica y los derechos humanos /
Uloženo v:
| Korporace: | , |
|---|---|
| Médium: | Text |
| Vydáno: |
San José:
Impresión Comparte
|
| Tagy: |
Přidat tag
Žádné tagy, Buďte první, kdo vytvoří štítek k tomuto záznamu!
|
MARC
| LEADER | 00000 a a2200000 04500 | ||
|---|---|---|---|
| 001 | 22355 | ||
| 003 | |||
| 040 | |||
| 090 | |a 152300 | ||
| 110 | |a Comisión Costarricense de Derechos Humanos | ||
| 245 | |a ¿ Y con qué derecho? . Costa Rica y los derechos humanos / |c Comisión Costarricense de Derechos Humanos | ||
| 260 | |a San José: |b Impresión Comparte | ||
| 300 | |a 36 p. |b il. | ||
| 710 | |a CODEHU | ||
| 999 | |c 15526 |d 15526 | ||
